[Event "Schellenberg op"]
[Site "Schellenberg"]
[Date "1991.??.??"]
[Round "6"]
[White "Barle, Janez"]
[Black "Cvetkovic, Srdjan"]
[Result "1/2-1/2"]
[WhiteElo "2420"]
[BlackElo "2470"]

1.Nf3 d5 2.g3 Nf6 3.Bg2 e6 4.O-O Be7 5.c4 O-O 6.b3 b6 7.Bb2 Bb7 8.cxd5 exd5
9.d4 c5 10.Nc3 Qc8 11.Rc1 Na6 12.Ne5 Rd8 13.e3 Qe6 14.f4 Bf8 15.a3 cxd4 16.exd4 Ne4
17.f5 Qe8 18.Nxe4 dxe4 19.Qe2 Rac8 20.Rxc8 Rxc8 21.Bxe4 Bxe4 22.Qxe4 Nc7
23.f6 g6 24.h4 Bd6 25.Rc1 Rd8 26.h5 Bxe5 27.dxe5 Ne6 28.hxg6 hxg6 29.Qe2  1/2-1/2

[Event "UKR-chT"]
[Site "Simferopol"]
[Date "1991.??.??"]
[Round "?"]
[White "Chernov, E."]
[Black "Neverov, Valeriy"]
[Result "1-0"]
[WhiteElo "2275"]
[BlackElo "2505"]

1.Nf3 d5 2.g3 c6 3.Bg2 Nf6 4.O-O Bg4 5.d3 Nbd7 6.Nbd2 e5 7.h3 Bh5 8.Nh4 Bc5
9.c3 O-O 10.b4 Bb6 11.c4 Re8 12.g4 Bd4 13.Rb1 Nxg4 14.hxg4 Qxh4 15.gxh5 e4
16.dxe4 dxe4 17.Nxe4 Rxe4 18.Bxe4 Qxe4 19.Rb3 Qg4+ 20.Kh1 Nf6 21.Rg3 Qxh5+
22.Kg2 Qe5 23.Rg5 Qe4+ 24.f3 Qh4 25.e4 Rd8 26.Qe2 Be5 27.f4  1-0

[Event "Skopje"]
[Site "Skopje"]
[Date "1991.??.??"]
[Round "3"]
[White "Redzepagic, Rolando"]
[Black "Mitkov, Nikola"]
[Result "0-1"]
[WhiteElo "2340"]
[BlackElo "2370"]

1.Nf3 d5 2.g3 Nf6 3.Bg2 c6 4.d3 Bf5 5.O-O e6 6.Nbd2 Be7 7.Qe1 h6 8.e4 Bh7
9.Qe2 O-O 10.Ne5 Nfd7 11.Ndf3 Bf6 12.Ng4 Be7 13.h4 f5 14.exf5 exf5 15.Ne3 Re8
16.Qd1 Bd6 17.Re1 Na6 18.Bd2 Qf6 19.Bc3 Qf7 20.Nf1 Nc7 21.Qd2 Nb5 22.Rxe8+ Rxe8
23.Re1 Rxe1 24.Qxe1 Nxc3 25.Qxc3 Qf6 26.Qxf6 Nxf6 27.Bh3 Kf7 28.Kg2 Nh5 29.b3 Kf6
30.Ng1 g5 31.hxg5+ hxg5 32.f3 Ng7 33.Ne2 Ne6 34.Kf2 Bg6 35.Ke1 a5 36.Kd2 Bb4+
37.c3 Bd6 38.Bg2 f4 39.g4 Nc5 40.Nc1 b5 41.a3 d4 42.c4 Ne6 43.cxb5 cxb5 44.a4 bxa4
45.bxa4 Bb4+ 46.Kc2 Nc5 47.Nd2 Be8 48.Ne4+ Nxe4 49.fxe4 Bxa4+ 50.Nb3 Ke5
51.Bf3 Bd7 52.Nd2 Bxd2 53.Kxd2 Bb5 54.Kc2 a4 55.Be2 a3 56.Kb3 f3  0-1

[Event "Skopje"]
[Site "Skopje"]
[Date "1991.??.??"]
[Round "10"]
[White "Kocovski, Ivan"]
[Black "Lazic, Miroljub"]
[Result "0-1"]
[WhiteElo "2325"]
[BlackElo "2400"]

1.Nf3 d5 2.g3 g6 3.Bg2 Bg7 4.d4 c6 5.O-O Nd7 6.Nbd2 Nh6 7.e4 O-O 8.c3 e6
9.Re1 f5 10.exd5 exd5 11.Nb3 Nf7 12.Nc5 Nxc5 13.dxc5 g5 14.Nd4 f4 15.gxf4 Qf6
16.Qf3 g4 17.Qe2 Bd7 18.Bd2 Rae8 19.Qd3 Nh8 20.f5 Nf7 21.Bf4 Ne5 22.Qg3 Bxf5
23.Re2 Ng6 24.Rae1 Rxe2 25.Rxe2 Bd3 26.Bd6 Bxe2 27.Bxf8 Bxf8 28.Nxe2 Bxc5
29.h3 gxh3 30.Bxh3 Bd6 31.Qg4 Qe7 32.Ng3 Bxg3 33.Qxg3 Qe5 34.Qg4 Kg7 35.Qd7+ Qe7
36.Qg4 Qe1+ 37.Bf1 Qe5 38.Qd7+ Qe7 39.Qg4 Kh6 40.Qh3+ Qh4 41.Qe6 Qg5+ 42.Bg2 a5
43.a3 Kg7 44.Qd7+ Qe7 45.Qg4 h6 46.Qd4+ Kh7 47.Qb6 Nf4 48.Bf1 a4 49.Qa7 Kg6
50.Qb8 Kf5 51.Qa7 c5 52.Qa8 Qg5+ 53.Kh2 Qh5+ 54.Kg1 Qg6+ 55.Kh2 b6 56.Qa7 Qh5+
57.Kg1 Qg4+ 58.Kh2 Qh4+ 59.Kg1 Qg5+ 60.Kh2 Qf6 61.Qd7+ Ke4 62.Qxa4+ Kf3 63.Qc2 Qe5
64.Kg1 Qe1  0-1

[Event "SLO-ch"]
[Site "SLO"]
[Date "1991.??.??"]
[Round "?"]
[White "Podvrsnik, Marko"]
[Black "Crepan, Marjan"]
[Result "1-0"]
[WhiteElo "2215"]
[BlackElo "2340"]

1.Nf3 d5 2.g3 Nf6 3.Bg2 c6 4.b3 Bf5 5.Bb2 e6 6.O-O Be7 7.d3 h6 8.Nbd2 a5
9.c4 O-O 10.Re1 Na6 11.a3 Rc8 12.e4 Bh7 13.e5 Nd7 14.d4 Nc7 15.c5 b6 16.b4 Rb8
17.Ra2 bxc5 18.bxc5 f6 19.exf6 Bxf6 20.Nb3 Bb1 21.Qxb1 Rxb3 22.Qc2 Qb8 23.Nd2 a4
24.Ba1 Qb5 25.Bf1 Qa5 26.Rc1 Rfb8 27.Qg6 Nf8 28.Qg4 Nb5 29.Nxb3 axb3 30.Re2 Qxa3
31.Bb2 Qb4 32.Rxe6 h5 33.Qf4  1-0

[Event "Belavenets mem op"]
[Site "Smolensk"]
[Date "1991.??.??"]
[Round "?"]
[White "Shliahtin, IE."]
[Black "Frumson, Yury"]
[Result "1-0"]
[WhiteElo "2310"]
[BlackElo "2320"]

1.Nf3 d5 2.g3 Nf6 3.Bg2 c5 4.c4 d4 5.b4 cxb4 6.a3 bxa3 7.Bxa3 Nc6 8.O-O e5
9.Bxf8 Kxf8 10.d3 g6 11.Nbd2 Kg7 12.Ra3 Re8 13.Qa1 Kg8 14.Nb3 Qc7 15.Na5 Bd7
16.Nxc6 bxc6 17.Ra5 Qd6 18.Rxa7 Rxa7 19.Qxa7 Bg4 20.Rb1 Nd7 21.h3 Bf5 22.Rb7 Rb8
23.Rxb8+ Qxb8 24.Qxb8+ Nxb8 25.Nxe5 c5 26.Bd5 Be6 27.Bxe6 fxe6 28.f4 Kg7
29.Kf2 Kf6 30.h4 h6 31.Kf3 g5 32.h5 gxf4 33.Kxf4 Na6 34.Ng4+ Kg7 35.Ke5 Nb4
36.Kd6 Na2 37.Kxc5 Nc3 38.Kd6 Nxe2 39.c5  1-0

[Event "Belavenets mem op"]
[Site "Smolensk"]
[Date "1991.??.??"]
[Round "?"]
[White "Zhukhovitsky, Samuel"]
[Black "Akopov, Roman"]
[Result "0-1"]
[WhiteElo "2390"]
[BlackElo "2340"]

1.Nf3 d5 2.g3 Nf6 3.Bg2 c6 4.d3 Bg4 5.Nbd2 Nbd7 6.h3 Bh5 7.O-O e5 8.e4 dxe4
9.dxe4 Qc7 10.Qe2 Bc5 11.c3 a5 12.a4 O-O 13.Re1 Rfe8 14.Nc4 Ba7 15.Qc2 Bc5
16.Nh4 Nf8 17.Bf3 Bxf3 18.Nxf3 N6d7 19.Kg2 Rad8 20.Bg5 f6 21.Bd2 Ne6 22.Rad1 b5
23.Ne3 Nb6 24.axb5 cxb5 25.Bc1 Bxe3 26.Bxe3 Nc4 27.Bc1 a4 28.Qe2 Nc5 29.Nh4 g6
30.f3 Rxd1 31.Rxd1 Rd8 32.Kf2 Nb3 33.Bh6 Rxd1 34.Qxd1 Qd6 35.Qe2 g5 36.Nf5 Qd2
37.Qxd2 Nbxd2 38.Ne7+ Kf7 39.Nd5 Nxb2 40.h4 a3 41.Nb4 Nd3+  0-1

[Event "BUL-chT"]
[Site "Sofia"]
[Date "1991.??.??"]
[Round "1"]
[White "Velikov, Petar"]
[Black "Padevsky, Nikola"]
[Result "0-1"]
[WhiteElo "2425"]
[BlackElo "2425"]

1.Nf3 d5 2.g3 f5 3.Bg2 Nf6 4.O-O e6 5.d3 Bc5 6.c4 O-O 7.Nbd2 Nc6 8.Qc2 d4
9.Nb3 Be7 10.c5 e5 11.Qc4+ Kh8 12.Ng5 Qe8 13.Ne6 Bxe6 14.Qxe6 Qh5 15.e3 Rae8
16.Qc4 dxe3 17.fxe3 e4 18.d4 Rd8 19.Bd2 Nd5 20.Rae1 Bg5 21.Qe2 Qxe2 22.Rxe2 h5
23.Ree1 g6 24.a3 Kg7 25.Rf2 Nce7 26.Na5 b6 27.Nb3 Nf6 28.Bf1 Ng4 29.Rfe2 Nd5
30.h3 Ngf6 31.Rc1 h4 32.gxh4 Bxh4 33.Rg2 Rh8 34.cxb6 cxb6 35.Bc4 Rc8 36.Ba6 Rxc1+
37.Nxc1 f4 38.exf4 e3 39.Bb4 Nxf4 40.Rh2 Bg3 41.Rc2 Bf2+ 42.Kf1 Rxh3 43.Bb7 Ng4
44.Rc7+ Kh6 45.Bf8+ Kg5 46.Be7+ Kh5  0-1

[Event "BUL-chT"]
[Site "Sofia"]
[Date "1991.??.??"]
[Round "2"]
[White "Spassov, Liuben"]
[Black "Kolev, Atanas"]
[Result "1-0"]
[WhiteElo "2420"]
[BlackElo "2460"]

1.Nf3 d5 2.g3 Nf6 3.Bg2 c6 4.O-O Bg4 5.d3 Nbd7 6.c4 e6 7.cxd5 exd5 8.Nc3 Bd6
9.Qc2 O-O 10.e4 Rc8 11.h3 Bxf3 12.Bxf3 h5 13.Bg2 Nc5 14.f4 Ne6 15.Kh1 Bc5
16.Bd2 Qd7 17.e5 Nh7 18.Qd1 g6 19.g4 Ng7 20.f5 hxg4 21.hxg4 Bd4 22.Qe2 Rce8
23.e6 Qd8 24.Bh3 fxe6 25.fxg6 Ng5 26.Qh2 e5 27.Bg2 N7e6 28.Qh6 Bxc3 29.bxc3 Qd7
30.Rf5 Rxf5 31.gxf5 Nf4 32.Re1  1-0

[Event "Rilton Cup"]
[Site "Stockholm"]
[Date "1991.??.??"]
[Round "4"]
[White "Engqvist, Thomas"]
[Black "Sanden, Stefan"]
[Result "1-0"]
[WhiteElo "2355"]
[BlackElo "2285"]

1.Nf3 d5 2.g3 c5 3.Bg2 Nc6 4.O-O e5 5.d3 g6 6.e4 d4 7.Nfd2 Bg7 8.f4 Nge7
9.Nc4 b5 10.Nxe5 Nxe5 11.fxe5 Nc6 12.a4 bxa4 13.Rxa4 Nxe5 14.b3 Bd7 15.Ra1 a5
16.Ba3 Qc7 17.h3 O-O 18.Nd2 Rfc8 19.Nf3 a4 20.bxa4 Rxa4 21.Bb2 Rxa1 22.Bxa1 Nxf3+
23.Qxf3 Be6 24.Bb2 Be5 25.Kh2 Kg7 26.Bc1 f6 27.h4 Qd7 28.Bf4 Bg4 29.Qf2 Qe6
30.Bf3 Bxf4 31.Bxg4 Qxg4 32.gxf4 c4 33.f5 cxd3 34.cxd3 Rc6 35.fxg6 hxg6 36.e5 f5
37.Rg1 Qh5 38.Rg2 Rc2 39.Qxd4 Rxg2+ 40.Kxg2 Qe2+ 41.Kg3 Qe1+ 42.Qf2 Qxe5+
43.Kh3 Qd5 44.Qe3 Kf6 45.d4 Qh1+ 46.Kg3 Qd5 47.Qg5+ Kf7 48.Qd2 Qd6+ 49.Kh3 Qd5
50.Qe3 Kf6 51.Kg3 Qd6+ 52.Kf3 Qd5+ 53.Kf2 Qa2+ 54.Kg3 Qd5 55.Qe8 Qd6+ 56.Kf3 Qd5+
57.Ke3 Qe6+ 58.Qxe6+ Kxe6 59.Kf4 Kd5 60.h5  1-0

[Event "Rilton Cup"]
[Site "Stockholm"]
[Date "1991.??.??"]
[Round "5"]
[White "Degerman, Lars"]
[Black "Petursson, Margeir"]
[Result "1/2-1/2"]
[WhiteElo "2405"]
[BlackElo "2515"]

1.Nf3 d5 2.g3 c6 3.Bg2 Bg4 4.c4 e6 5.cxd5 Bxf3 6.Bxf3 cxd5 7.O-O Nc6 8.d3 Nf6
9.e4 Bc5 10.Nc3 dxe4 11.dxe4 O-O 12.Bf4 Bd4 13.Qe2 Qa5 14.Nb5 a6 15.Nd6 Qb4
16.e5 Nd7 17.Bxc6 bxc6 18.Rad1 c5 19.b3 Nb6 20.Bd2 Qa3 21.Bc1 Qa5 22.Be3 Bxe3
23.Qxe3 Qxa2 24.Qxc5 Nd5 25.Qc4 Rab8  1/2-1/2

[Event "Strasbourg op"]
[Site "Strasbourg"]
[Date "1991.??.??"]
[Round "4"]
[White "Roos, Daniel"]
[Black "Chaplin, Erik"]
[Result "1-0"]
[WhiteElo "2380"]
[BlackElo "2270"]

1.Nf3 d5 2.g3 Nc6 3.d4 Bg4 4.Bg2 e6 5.O-O Nf6 6.Nbd2 Be7 7.c3 h6 8.h3 Bf5
9.Ne5 Nxe5 10.dxe5 Nd7 11.c4 c6 12.cxd5 cxd5 13.e4 dxe4 14.Qa4 O-O 15.Nxe4 Nxe5
16.Rd1 Qe8 17.Qb3 Rd8 18.Bf4 Bxe4 19.Bxe4 Bf6 20.Qxb7 Qa4 21.Rxd8 Rxd8 22.b3 Qa5
23.Rc1 g5 24.Be3 Qxa2 25.b4 a6 26.Rc2 Qb3 27.Rc7 Nc4 28.Bc5 Qd1+ 29.Kh2 Ne5
30.Rc8 Qd7 31.Rxd8+ Qxd8 32.Qxa6 Nd7 33.Be3 Kg7 34.b5 h5 35.b6 h4 36.gxh4 gxh4
37.f4  1-0

[Event "Subotica Interzonal (Women)"]
[Site "Subotica"]
[Date "1991.??.??"]
[Round "5"]
[White "Matveeva, Svetlana"]
[Black "Kachiani Gersinska, Ketino"]
[Result "1-0"]
[WhiteElo "2325"]
[BlackElo "2345"]

1.Nf3 d5 2.g3 g6 3.Bg2 Bg7 4.c4 e6 5.O-O Ne7 6.Qc2 Nbc6 7.d3 O-O 8.Nbd2 a5
9.Rb1 Nb4 10.Qb3 Nec6 11.a3 a4 12.Qd1 Na2 13.Qc2 Qe7 14.Re1 dxc4 15.Nxc4 Nxc1
16.Rbxc1 Bd7 17.e3 Rfc8 18.d4 Rab8 19.h4 Be8 20.Ng5 Nd8 21.Ne4 b6 22.f4 f6
23.g4 b5 24.Ncd2 f5 25.gxf5 gxf5 26.Ng5 h6 27.Ngf3 Nf7 28.e4 Qf6 29.e5 Qg6
30.Nf1 Nd8 31.Ne3 Bc6 32.Kf2 Be4 33.Qd2 Qh5 34.Rh1 c6 35.Rcg1 Rb7 36.Ne1 Bxg2
37.Rxg2 Rd7 38.Qc3 Rcc7 39.Nf3 c5 40.dxc5 Nb7 41.c6 Nd8 42.Nd4 Kh7 43.cxd7 Rxc3
44.bxc3 Bf8 45.Nxb5 Be7 46.Rh3 Bxh4+ 47.Kf1  1-0

[Event "Subotica Interzonal (Women)"]
[Site "Subotica"]
[Date "1991.??.??"]
[Round "6"]
[White "Chelushkina, Irina"]
[Black "Maksimovic, Suzana"]
[Result "1-0"]
[WhiteElo "2305"]
[BlackElo "2290"]

1.g3 d5 2.Nf3 c6 3.Bg2 Bg4 4.d3 Nd7 5.Nbd2 Ngf6 6.h3 Bh5 7.O-O e6 8.Qe1 Bc5
9.e4 dxe4 10.dxe4 Bxf3 11.Nxf3 e5 12.Bg5 O-O 13.Rd1 Qe7 14.Qc3 Bd6 15.Nh4 Qe6
16.Nf5 Bc7 17.Qe3 Nb6 18.Bh4 Nfd7 19.Be7 Rfe8 20.Bd6 Bd8 21.Qb3 g6 22.Ne3 Qxb3
23.axb3 Be7 24.h4 Bxd6 25.Rxd6 Nc5 26.Rfd1 h5 27.b4 Ne6 28.c4 a5 29.b5 Nd4
30.Ra1 Kf8 31.bxc6 bxc6 32.c5 Ke7 33.Bh3 Reb8 34.Ra3 Nc8 35.Bxc8 Rxc8 36.Rd3 Rab8
37.Nc4 f6 38.f4 Rb5 39.fxe5 fxe5 40.Nxe5 Ne6 41.Nxg6+ Kf7 42.Ne5+ Kf6 43.Nxc6 Rxc5
44.Rf3+ Kg7 45.Rxe6 R8xc6 46.Rxc6 Rxc6 47.Rf5 Rc1+ 48.Kg2 Rc2+ 49.Kf3 Rxb2
50.Rxa5  1-0

[Event "Subotica Interzonal (Women)"]
[Site "Subotica"]
[Date "1991.??.??"]
[Round "12"]
[White "Sofieva, Ainur"]
[Black "Foisor, Cristina Adela B"]
[Result "1-0"]
[WhiteElo "2390"]
[BlackElo "2350"]

1.Nf3 d5 2.g3 g6 3.Bg2 Bg7 4.O-O e5 5.d3 Ne7 6.c3 O-O 7.Nbd2 c5 8.e4 d4 9.cxd4 cxd4
10.b4 h6 11.Nc4 Qc7 12.b5 Be6 13.Ba3 Bxc4 14.Rc1 Qa5 15.Bxe7 Bxb5 16.Bxf8 Bxf8
17.Nxe5 Qxa2 18.Rc7 Qa5 19.Rxf7 Be8 20.Qb3 Qb6 21.Qd5  1-0

[Event "SWZ-chT"]
[Site "?"]
[Date "1991.??.??"]
[Round "?"]
[White "Vucenovic, Dragomir"]
[Black "Costa, J."]
[Result "0-1"]
[WhiteElo "2305"]
[BlackElo "2405"]

1.Nf3 d5 2.g3 g6 3.Bg2 Bg7 4.O-O e6 5.d3 Ne7 6.c4 O-O 7.Nbd2 Nbc6 8.Rb1 a5
9.b3 Rb8 10.Bb2 e5 11.cxd5 Nxd5 12.a3 Re8 13.Rc1 e4 14.dxe4 Bxb2 15.exd5 Bxc1
16.dxc6 Bxd2 17.Nxd2 bxc6 18.e3 Ba6 19.Re1 Re6 20.Qc1 Bd3 21.Qc3 Rd6 22.Nf3 Be4
23.Nd4 Bxg2 24.Kxg2 Qg5 25.Rc1 Qd5+ 26.Kg1 Rb6 27.h4 h5 28.Kf1 Qh1+ 29.Ke2 Qg2
30.Qxa5 Rxd4 31.exd4 Qe4+ 32.Kd1 Rxb3 33.Qe5 Rd3+ 34.Kc2 Qf3 35.d5 Rxa3 36.Rb1 Qd3+
37.Kb2 Rb3+  0-1

[Event "Grand Prix Suisse op"]
[Site "SWZ"]
[Date "1991.??.??"]
[Round "4"]
[White "Habibi, Ali"]
[Black "Schwarz, Peter"]
[Result "0-1"]
[WhiteElo "2240"]
[BlackElo "2270"]

1.Nf3 d5 2.g3 Nf6 3.Bg2 e6 4.O-O Be7 5.d3 b6 6.Nbd2 Bb7 7.e4 c5 8.Re1 Nc6
9.a3 Qc7 10.c3 h6 11.Nf1 g5 12.Qa4 a6 13.Qc2 a5 14.a4 Rc8 15.Re2 Ba6 16.exd5 Nxd5
17.Ne3 Rd8 18.Nc4 Bf6 19.Nfd2 Bg7 20.Na3 Ne5 21.Ndc4 Nxd3 22.Qxd3 Nxc3 23.Qxd8+ Qxd8
24.bxc3 Bxc4 25.Nxc4 Qd3 26.Re4 O-O 27.Nb2 Qxc3 28.Re3 Qd4 29.Rb1 Qb4 30.Bf1 Bd4
31.Rd3 Qe1 32.Rxd4 cxd4 33.Nd3 Qd1 34.Rxb6 Rc8 35.Bb2 Qxa4 36.Rd6 e5 37.Nxe5 Qb4
38.Rxd4 Qxb2 39.Rd5 a4 40.Nd3 Qb3  0-1

[Event "Tel Aviv"]
[Site "Tel Aviv"]
[Date "1991.??.??"]
[Round "7"]
[White "Soffer, Ram"]
[Black "Psakhis, Lev"]
[Result "0-1"]
[WhiteElo "2445"]
[BlackElo "2555"]

1.g3 d5 2.Nf3 c6 3.Bg2 Bg4 4.O-O Nd7 5.d4 e6 6.Nbd2 f5 7.b3 Bd6 8.Bb2 Qf6
9.c4 Ne7 10.Qc2 g5 11.Qc3 Ng6 12.b4 Bxf3 13.Nxf3 g4 14.Nd2 h5 15.b5 h4 16.bxc6 bxc6
17.cxd5 cxd5 18.e4 fxe4 19.Bxe4 Nf4 20.gxf4 Qxf4 21.Bg6+ Ke7 22.Rfe1 Raf8
23.Qe3 Qxh2+ 24.Kf1 Rf6 25.Bf5 g3 26.Nf3 Qxf2+ 27.Qxf2 gxf2 28.Rxe6+ Rxe6
29.Bxe6 Kxe6 30.Kxf2 Nf6 31.Ng5+ Kf5 32.Nf7 Ne4+ 33.Kf3 Ng5+ 34.Nxg5 Kxg5
35.Rg1+ Kf5 36.Bc1 h3 37.Rg5+ Ke6 38.Rg6+ Kd7 39.Rh6 Rxh6 40.Bxh6 Kc6 41.a4 Kd7
42.Bg7 Ke6 43.Kf2 Kf5 44.Kf3 a6 45.Bh6 Bc7 46.Bg7 Bh2 47.Bh8 Bg1 48.Bg7 h2
49.Kg2 Ke4 50.Be5 Kd3 51.a5 Kc4 52.Kh1 Kd3 53.Kg2 Bxd4 54.Bxh2 Ke2  0-1

[Event "Tel Aviv"]
[Site "Tel Aviv"]
[Date "1991.??.??"]
[Round "8"]
[White "Gofshtein, Leonid D"]
[Black "Murrey, Jacob"]
[Result "1-0"]
[WhiteElo "2440"]
[BlackElo "2440"]

1.Nf3 d5 2.g3 c6 3.Bg2 Bg4 4.c4 e6 5.Ne5 Bh5 6.cxd5 exd5 7.d4 Nd7 8.g4 Bg6
9.Nxg6 hxg6 10.Nc3 Qc7 11.h3 Bd6 12.Qd3 Ne7 13.Bd2 Nf8 14.O-O-O Ne6 15.e3 g5
16.h4 gxh4 17.f4 O-O-O 18.Kb1 Kb8 19.Be1 g5 20.f5 Nf8 21.e4 dxe4 22.Nxe4 Nh7
23.Bd2 Bf4 24.Bxf4 Qxf4 25.Qb3 Nd5 26.Nc5 b6 27.Na6+ Kb7 28.Rhe1 Nhf6 29.Nc5+ Ka8
30.Qa4 Qc7 31.Nd3 b5 32.Qb3 Nxg4 33.Rc1 Ngf6 34.Ne5 Rhe8 35.Re2 Qb7 36.Rec2 Rd6
37.Rxc6 Rxc6 38.Nxc6 Re3 39.Qc2 Rg3 40.Bxd5 Nxd5 41.Qc5 Qb6 42.Re1 Qb7 43.Re7 Rg1+
44.Kc2 Rg2+ 45.Kd1  1-0

[Event "Torcy op-B"]
[Site "Torcy"]
[Date "1991.??.??"]
[Round "?"]
[White "Vuillerme, F."]
[Black "Mapelle, Jacques"]
[Result "1/2-1/2"]
[WhiteElo "2040"]
[BlackElo "1950"]

1.Nf3 d5 2.g3 Nf6 3.Bg2 g6 4.O-O Bg7 5.d3 O-O 6.Nbd2 Nbd7 7.e4 d4 8.Nxd4 Nxe4
9.dxe4 Bxd4 10.Nb3 Bg7 11.Qe2 e6 12.c3 a5 13.a4 Qe7 14.f4 b6 15.Qc2 Ba6 16.Rd1 Nc5
17.Be3 Nxb3 18.Qxb3 Bb7 19.Rd2 Rad8 20.Rad1 Rxd2 21.Rxd2 Rd8 22.Qd1 Rxd2
23.Qxd2 e5 24.f5 gxf5 25.exf5 Bxg2 26.Kxg2 Qe8 27.Qd5 Qxa4 28.Qd8+ Bf8 29.Qg5+ Bg7
30.Qd8+ Bf8  1/2-1/2

[Event "Val Thorens op"]
[Site "Val Thorens"]
[Date "1991.??.??"]
[Round "?"]
[White "Kirov, Nino"]
[Black "Sery, Patrick"]
[Result "1-0"]
[WhiteElo "2495"]
[BlackElo "2160"]

1.Nf3 d5 2.g3 Nf6 3.Bg2 c5 4.O-O Nc6 5.d4 cxd4 6.Nxd4 e5 7.Nxc6 bxc6 8.c4 Be7
9.Nc3 Be6 10.cxd5 cxd5 11.Qa4+ Qd7 12.Qxd7+ Kxd7 13.Rd1 Kc6 14.Bg5 Rhd8 15.Rac1 Kb6
16.Bxf6 Bxf6 17.Nxd5+ Bxd5 18.Bxd5 Rac8 19.Rxc8 Rxc8 20.Be4 h6 21.Kg2 Rc7
22.Kf3 a5 23.Kg4 Rc4 24.f3 Kc7 25.Kh5 Bd8 26.Rd5 a4 27.Rb5 Kc8 28.Ra5  1-0

[Event "Vienna op"]
[Site "Vienna"]
[Date "1991.??.??"]
[Round "2"]
[White "Dirr, Ulrich"]
[Black "Tischbierek, Raj"]
[Result "0-1"]
[WhiteElo "2270"]
[BlackElo "2480"]

1.Nf3 d5 2.g3 g6 3.Bg2 Bg7 4.O-O Nf6 5.d3 O-O 6.c3 c5 7.Nbd2 Nc6 8.e4 b6
9.Re1 e6 10.exd5 Nxd5 11.Nc4 Bb7 12.a4 Qc7 13.Ng5 Rad8 14.Qg4 h6 15.Nxe6 fxe6
16.Qxe6+ Qf7 17.Bd2 Nde7 18.Bf4 g5 19.Bc7 Qxe6 20.Rxe6 Rd7 21.Bd6 Rf7 22.Rae1 Bf8
23.f4 Nd8 24.Bh3 Nxe6 25.Bxe6 Nc6 26.fxg5 hxg5 27.Bxd7 Rxd7 28.Re8 Rd8 29.Rxd8 Nxd8
30.Be5 Nc6 31.Bc7 Ba6 32.Kf2 Bxc4 33.dxc4 Kf7 34.Ke3 Ke6 35.h4 Kd7  0-1

[Event "Vienna op"]
[Site "Vienna"]
[Date "1991.??.??"]
[Round "5"]
[White "Vukic, Milan"]
[Black "Lendwai, Reinhard"]
[Result "1/2-1/2"]
[WhiteElo "2500"]
[BlackElo "2405"]

1.Nf3 d5 2.g3 c5 3.Bg2 Nc6 4.c4 e6 5.cxd5 exd5 6.d4 Nf6 7.O-O Be7 8.Nc3 O-O
9.Bg5 cxd4 10.Nxd4 h6 11.Be3 Re8 12.Qa4 Bd7 13.Rfd1 Nb4 14.Qb3 a5 15.Nxd5 Nfxd5
16.Bxd5 Nxd5 17.Qxd5 Ba4 18.Qxd8 Raxd8 19.b3 Bd7 20.Rd3 Bf6 21.Rad1 Bg4 22.Kf1 Rd5
23.Ke1 a4 24.b4 Rc8 25.a3 Bh5 26.R3d2 Bg6 27.h3 Rc3 28.Ra2 Be4 29.Rb2 Rxa3
30.b5 Rb3 31.Rxb3 axb3 32.Nxb3 Rxb5 33.Nd4 Rd5 34.f3 Bg6 35.Bf2 Ra5 36.e4 Ra3
37.Ke2 h5 38.h4 Be5 39.Rd3 Ra2+ 40.Rd2 Ra4 41.Kd3 Ra3+ 42.Ke2 Ra4 43.Kd3  1/2-1/2

[Event "Vienna op"]
[Site "Vienna"]
[Date "1991.??.??"]
[Round "6"]
[White "Pigusov, Evgeny"]
[Black "Gulko, Boris F"]
[Result "1/2-1/2"]
[WhiteElo "2540"]
[BlackElo "2565"]

1.Nf3 d5 2.g3 g6 3.d4 Bg7 4.Bg2 Nf6 5.O-O O-O 6.c4 c6 7.b3 Ne4 8.Bb2 a5 9.Nc3 Bf5
10.Rc1 Nxc3 11.Bxc3 Be4 12.a4 Nd7 13.Re1 e6 14.e3 Qb6 15.Re2 Rfe8 16.Ra2 Nf6
17.Nd2 Bxg2 18.Kxg2 Ne4 19.Nxe4 dxe4 20.Rb1 Qc7 21.Qc2 f5 22.b4 e5 23.dxe5 axb4
24.Rxb4 Bxe5 25.Rab2 Ra7 26.c5 Re7 27.h4 Rd7 28.R2b3 Kf7 29.Bb2 Kf6 30.Qc4 Bxb2
31.Rxb2 Qe5 32.Qg8 Qxc5 33.Qh8+ Ke6 34.Qg8+ Kf6  1/2-1/2

[Event "Vienna op"]
[Site "Vienna"]
[Date "1991.??.??"]
[Round "6"]
[White "Podzielny, Karl Heinz"]
[Black "Vodep, Otto"]
[Result "1-0"]
[WhiteElo "2455"]
[BlackElo "2280"]

1.Nf3 d5 2.g3 c6 3.Bg2 Nf6 4.O-O Bg4 5.c4 e6 6.b3 Nbd7 7.Bb2 Be7 8.d3 O-O
9.Nbd2 a5 10.a3 Qb8 11.Rc1 Bd6 12.Rc2 e5 13.h3 Bxf3 14.Bxf3 Re8 15.Bg2 e4
16.cxd5 exd3 17.exd3 Nxd5 18.Bxg7 Kxg7 19.Qg4+ Kh8 20.Qxd7 Bxa3 21.Bxd5 Re7
22.Qf5 cxd5 23.Nf3 Qd6 24.Ra1 Rd8 25.Rc8 Bb2 26.Rxa5 Rxc8 27.Qxc8+ Kg7 28.Ra8 Qf6
29.Nh4 Re1+ 30.Kg2 Qe5 31.Nf3  1-0

[Event "Villa Ballester op"]
[Site "Villa Ballester"]
[Date "1991.??.??"]
[Round "7"]
[White "Menendez, Daniel"]
[Black "Giaccio, Alfredo"]
[Result "0-1"]
[WhiteElo "2290"]
[BlackElo "2325"]

1.Nf3 d5 2.g3 Nf6 3.Bg2 e6 4.O-O Be7 5.d4 O-O 6.c4 dxc4 7.Qc2 a6 8.Qxc4 b5
9.Qc2 Bb7 10.Bd2 Nc6 11.Rd1 Nxd4 12.Nxd4 Bxg2 13.Nxe6 Be4 14.Qxe4 Nxe4 15.Nxd8 Raxd8
16.f3 Bf6 17.fxe4 Bxb2 18.Nc3 Bxa1 19.Nd5 Be5 20.Rc1 Rfe8 21.Kg2 f5 22.Bg5 Rd7  0-1

[Event "Vrnjacka Banja"]
[Site "Vrnjacka Banja"]
[Date "1991.??.??"]
[Round "11"]
[White "Davies, Nigel R"]
[Black "Cvetkovic, Srdjan"]
[Result "0-1"]
[WhiteElo "2500"]
[BlackElo "2470"]

1.Nf3 d5 2.g3 Nf6 3.Bg2 e6 4.O-O Be7 5.d3 b6 6.Nbd2 Bb7 7.e4 c5 8.Re1 Nc6
9.Qe2 Qc7 10.c3 O-O 11.e5 Nd7 12.Nf1 Rae8 13.Bf4 Bd8 14.h4 Qb8 15.N1h2 Bc7
16.Bh3 f6 17.d4 cxd4 18.cxd4 fxe5 19.dxe5 Nc5 20.Ng5 h6 21.Qh5 Re7 22.Ng4 Qe8
23.Nxh6+ gxh6 24.Qxh6 Nd4 25.Rac1 Nf5 26.Qf6 Rxf6 27.exf6 Bxf4 28.gxf4 Rf7
29.Bxf5 Rxf6 30.Bh7+ Kh8 31.b4 Qh5 32.bxc5 Qg4+  0-1

[Event "Vrnjacka Banja"]
[Site "Vrnjacka Banja"]
[Date "1991.??.??"]
[Round "13"]
[White "Maksimenko, Andrei"]
[Black "Mitkov, Nikola"]
[Result "1-0"]
[WhiteElo "2370"]
[BlackElo "2370"]

1.Nf3 d5 2.g3 Nf6 3.Bg2 Bf5 4.c4 c6 5.cxd5 cxd5 6.Qb3 Qc8 7.Nc3 e6 8.d3 Nc6
9.Bf4 Qd7 10.O-O Be7 11.Ne5 Nxe5 12.Bxe5 Bg6 13.e4 Ng4 14.Bf4 d4 15.Ne2 e5
16.Bd2 f6 17.Bh3 Bf7 18.Qd1 Be6 19.f4 h5 20.Rc1 O-O 21.b3 Ba3 22.Rb1 Rfc8
23.b4 Qf7 24.Qa4 Bxa2 25.Bxg4 hxg4 26.Ra1 Bb3 27.Qxa3 Rc2 28.Nc1 Be6 29.Rf2 exf4
30.Bxf4 Rac8 31.Ne2 Qd7 32.Qxa7 Rb2 33.Nxd4 Rxf2 34.Kxf2 Bf7 35.Rc1 Rd8 36.Be3 Kh7
37.Qc5 Qd6 38.Qc7 Qf8 39.Qc5 Qe8 40.Qf5+ Bg6 41.Qxg4  1-0

[Event "Hoogovens-B"]
[Site "Wijk aan Zee"]
[Date "1991.??.??"]
[Round "1"]
[White "Bosboom, Manuel"]
[Black "Tukmakov, Vladimir B"]
[Result "1/2-1/2"]
[WhiteElo "2480"]
[BlackElo "2520"]

1.Nf3 d5 2.g3 g6 3.Bg2 Bg7 4.O-O e5 5.d3 Ne7 6.e4 O-O 7.Nbd2 Nbc6 8.c3 a5
9.a4 h6 10.exd5 Nxd5 11.Nc4 Re8 12.Re1 b6 13.Bd2 Bb7 14.Qc1 Kh7 15.Qc2 Qd7
16.Re4 f6 17.Rae1 Rad8 18.Qc1 Qf7 19.Rh4 Qf8 20.d4 exd4 21.Rxe8 Rxe8 22.Nxd4 Nd8
23.Nb5 Ne6 24.Ne3 Rd8 25.Ng4 g5 26.Qc2+ f5 27.Rh3 Kg8 28.Nxh6+ Bxh6 29.c4 Nb4
30.Bxb4 Qxb4 31.Qe2 Ng7 32.Bxb7 Re8 33.Qc2 Qe1+ 34.Kg2 Re2 35.Qxe2 Qxe2 36.Rxh6 Qxc4
37.Nc3 Qd4 38.h4 f4 39.Bd5+ Kf8 40.hxg5 fxg3 41.Rf6+ Ke7 42.Rf7+ Kd8 43.Rf8+ Ke7
44.Rf7+  1/2-1/2

[Event "Hoogovens-B"]
[Site "Wijk aan Zee"]
[Date "1991.??.??"]
[Round "2"]
[White "Barbero, Gerardo F"]
[Black "Kuijf, Marinus"]
[Result "1-0"]
[WhiteElo "2495"]
[BlackElo "2440"]

1.Nf3 d5 2.g3 Bg4 3.Bg2 c6 4.d3 Nd7 5.h3 Bh5 6.Nbd2 e6 7.b3 Bd6 8.Bb2 e5
9.O-O Ne7 10.e4 O-O 11.Qe1 Qc7 12.Nh4 Rae8 13.a3 f6 14.Kh1 Bf7 15.Qe3 Bc5
16.Qe2 Bd4 17.c3 Bb6 18.Rad1 Nc5 19.b4 Ne6 20.Rfe1 Ng5 21.Rf1 Ne6 22.Bf3 Qd8
23.Bg4 Ng6 24.Nf5 Kh8 25.h4 Ne7 26.Nf3 Nxf5 27.exf5 Nc7 28.h5 e4 29.Nh4 exd3
30.Qxd3 Re4 31.Bf3 Rc4 32.h6 Nb5 33.hxg7+ Kxg7 34.a4 Nd6 35.a5 Bc7 36.Ng2 Re8
37.Ne3 Rxe3 38.Qxe3 Nxf5 39.Qd2 Qd6 40.Rg1 Bg6 41.Rg2 Qe6 42.Re1 Qf7 43.Rh2 Nd6
44.Qh6+ Kg8 45.Bh5 Re4 46.Rxe4 Nxe4 47.Bxg6 Qxg6 48.Qe3 b6 49.Kg2 Qg5 50.Qxg5+ Nxg5
51.axb6 Bxb6 52.Rh4 Kg7 53.c4 Ne6 54.cxd5 cxd5 55.Rh5 d4 56.Rd5 Kg6 57.Kf3 h5
58.Ke4 Ng5+ 59.Kd3 Ne6 60.Rd6 Kf5 61.Kc4 Ke5 62.Rd5+  1-0

[Event "Zalakaros op"]
[Site "Zalakaros"]
[Date "1991.??.??"]
[Round "4"]
[White "Horvath, Imre"]
[Black "Radnoti, Bela"]
[Result "0-1"]
[WhiteElo "2360"]
[BlackElo "2275"]

1.Nf3 d5 2.g3 Nf6 3.Bg2 e6 4.O-O Be7 5.d3 O-O 6.Nbd2 c5 7.c4 Nc6 8.a3 a6
9.Qc2 Bd7 10.cxd5 exd5 11.e4 Rc8 12.h3 b5 13.Re1 Be6 14.Nf1 h6 15.g4 h5 16.e5 Ne8
17.gxh5 Qd7 18.Kh2 Bf5 19.Qe2 Nc7 20.Ng3 Bh7 21.h4 Ne6 22.Bh3 Qd8 23.Bg5 Rc7
24.Qd2 Ncd4 25.Nxd4 Nxd4 26.Bg2 Nb3 27.Qf4 Nxa1 28.Rxa1 f6 29.exf6 Bxf6 30.Qe3 Qd7
31.Bh3 Qe8 32.Be6+ Kh8 33.f4 Bd4 34.Qe2 Bxd3 35.Qg4 Bxb2 36.Rd1 c4 37.h6 gxh6
38.Re1 hxg5 39.Bf5 Bxf5 40.Qxf5 Rxf5 41.Rxe8+ Kh7 42.Nxf5 gxf4  0-1